| 000 | 01144nam a22002297a 4500 | ||
|---|---|---|---|
| 003 | 0 | ||
| 005 | 20250203143311.0 | ||
| 008 | 250203b xxu||||| |||| 00| 0 eng d | ||
| 050 |
_aHG 1616.P63 _b.In23 2023 |
||
| 100 | _aInacay, Justine Luis E. | ||
| 245 |
_aThe level of satisfaction of gcash payment platform as perceived by micro and small enterprises business owners in parañaque city. _cJustine Luis E. Inacay |
||
| 260 |
_aLas Pinas City _bSouthville International School and Colleges _c2023 |
||
| 300 |
_avii, 171 pages: _bcolored illustrations; _c28cm |
||
| 500 | _aBachelor of Science in Business Administration Major in Marketing Management. | ||
| 504 | _aIncludes bibliographical references and appendices. | ||
| 650 | _aMobile payment systems – Philippines – GCash | ||
| 650 | _aFinancial technology (FinTech) – Digital transactions – E-wallets | ||
| 650 | _aBusiness satisfaction – Micro and small enterprises – Digital payments | ||
| 650 | _aElectronic commerce – Cashless transactions – Consumer perception | ||
| 650 | _aEntrepreneurship – Technology adoption – Financial services | ||
| 942 |
_2lcc _cTH |
||
| 999 |
_c367102 _d367102 |
||